000 00299nam a2200133Ia 4500
008 190216s9999||||xx |||||||||||||| ||und||
100 _aRajput
245 0 _aMathematical Physics
250 _a7th Ed.
260 _bPragathi Prakashan
_c1965
300 _a1446
650 _aPhysics
942 _cBK
999 _c32954
_d32954